極南之星 . 兄弟 . II

資料類型: Book 圖書   書目號:51003

Leader xxxxxxxxxx
001 __ 102456/5/01
005 __ 20170410105851.910
010 0_ |a978-986-5660-74-1|b第2冊 : 平裝|d新臺幣230元
042 __ |anbim
100 __ |a20170410d2015    k  y0chiy50      e
101 0_ |achi
102 __ |atw
105 __ |ay   a   000ay
200 1_ |a極南之星|hII|i兄弟|f滅作
205 __ |a第1版
210 __ |a新北市|c普天出版|d2015[民104]
215 0_ |a276面|d21公分
225 12 |a捕夢網|v049
517 1_ |a兄弟|zchi
700 _0 |a|4681 __ |a857.7|b82 v.2
801 _0 |atw|bLibDipper|c20170410|gCCR
詳細館藏(共 1 筆)
索 書 號登 錄 號冊次號館別 / 館藏地流通類型狀態加入預約清單電子資源
857.7 / 82 1024565 v.2 圖書館 / 一樓輕小說專區 可外借30天 在館   

| 條列資料




目錄查詢 分類查詢 個人資料 圖書薦購 新書查詢 閉館日 排行榜 更多電子資源 Hami書城 線上資料庫 登出

From : 216.73.217.87

  本日流通累計至 17:19:08 借閱 : 13 次 續借 : 0 次 歸還 : 10 次 預約 : 0 次 電子資源 : 0 次


內湖高中圖書館  PCLIS 版本  26.5.0.12